|
|
|
|
| LEADER |
00000nam0a2200000 4500 |
| 001 |
372270 |
| 005 |
20231102012447.0 |
| 035 |
|
|
|a (RuTPU)RU\TPU\retro\29691
|
| 035 |
|
|
|a RU\TPU\book\269201
|
| 090 |
|
|
|a 372270
|
| 100 |
|
|
|a 20221214d1974 m y0rusy50 ca
|
| 101 |
0 |
|
|a rus
|
| 102 |
|
|
|a RU
|
| 105 |
|
|
|a a j 001zy
|
| 200 |
1 |
|
|a Введение в теорию пограничного слоя
|e учебное пособие
|f В. А. Кирпиков, Г. Н. Шорин
|g Московский институт химического машиностроения ; под ред. А. А. Гухмана
|
| 210 |
|
|
|a Москва
|c Изд-во МИХМ
|d 1974
|
| 215 |
|
|
|a 288 с.
|c ил.
|
| 320 |
|
|
|a Библиогр.: с. 287.
|
| 606 |
1 |
|
|a Пограничный слой
|x Исследование
|2 stltpush
|3 (RuTPU)RU\TPU\subj\49522
|9 68309
|
| 610 |
1 |
|
|a понятия
|
| 610 |
1 |
|
|a уравнения
|
| 610 |
1 |
|
|a поток
|
| 610 |
1 |
|
|a взаимодействие
|
| 610 |
1 |
|
|a решение
|
| 610 |
1 |
|
|a течение в трубах
|
| 610 |
1 |
|
|a расчет
|
| 610 |
1 |
|
|a теплообмен
|
| 610 |
1 |
|
|a перенос
|
| 610 |
1 |
|
|a учебные пособия
|
| 675 |
|
|
|a 532.526
|v 3
|
| 700 |
|
1 |
|a Кирпиков
|b В. А.
|g Владимир Аркадьевич
|
| 701 |
|
1 |
|a Шорин
|b Г. Н.
|g Герман Николаевич
|
| 702 |
|
1 |
|a Гухман
|b А. А.
|4 340
|
| 712 |
0 |
2 |
|a Московский институт химического машиностроения
|2 stltpush
|3 (RuTPU)RU\TPU\col\7881
|
| 801 |
|
1 |
|a RU
|b 63413507
|c 20140111
|
| 801 |
|
2 |
|a RU
|b 63413507
|c 20221214
|g RCR
|
| 942 |
|
|
|c BK
|